The Return of Njaga. (Record no. 14128)

MARC details
000 -LEADER
fixed length control field 00464nam a22001812 4500
001 - CONTROL NUMBER
control field 0000005560
005 - DATE AND TIME OF LATEST TRANSACTION
control field 20151217160107.0
008 - FIXED-LENGTH DATA ELEMENTS--GENERAL INFORMATION
fixed length control field 070618s xx 000 0 eng d
040 ## - CATALOGING SOURCE
Original cataloging agency KABU
Transcribing agency KABU
050 #0 - LIBRARY OF CONGRESS CALL NUMBER
Classification number PZ7
Item number .M3R48
100 1# - MAIN ENTRY--PERSONAL NAME
Personal name Makumi, Joel.
-- 0000156815
245 14 - TITLE STATEMENT
Title The Return of Njaga.
260 ## - PUBLICATION, DISTRIBUTION, ETC. (IMPRINT)
Place of publication, distribution, etc. Nairobi :
Name of publisher, distributor, etc. Phoenix,
Date of publication, distribution, etc. 2005.
300 ## - PHYSICAL DESCRIPTION
Extent 179 p.
908 ## - PUT COMMAND PARAMETER (RLIN)
Put command parameter 070618
950 ## - LOCAL HOLDINGS (RLIN)
-- 1
Holdings
Withdrawn status Lost status Source of classification or shelving scheme Not for loan Home library Current library Date acquired Total Checkouts Total Renewals Full call number Barcode Date last seen Date last checked out Price effective from Koha item type
    Library of Congress Classification   Kabarak, Main Campus Kabarak, Main Campus 17/12/2015 4 1 PZ7 .M3R48 33825 28/08/2025 11/07/2025 17/12/2015 Children Collection
Designed with assistance from East African Informatics Ltd